ბათუმის შოთა რუსთაველის სახელმწიფო უნივერსიტეტის ბიბლიოთეკა

Элементы теории эллиптических функций. (ბიბ.ჩანაწერი № 39115)

000 -LEADER
fixed length control field 00578nam a2200205Ia 4500
001 - CONTROL NUMBER
control field 5695
003 - CONTROL NUMBER IDENTIFIER
control field GE_BSU
008 - FIXED-LENGTH DATA ELEMENTS--GENERAL INFORMATION
fixed length control field 181216s||||||||xx |||||||||||||| ||und||
040 ## - CATALOGING SOURCE
Transcribing agency GE_BSU
080 ## - UNIVERSAL DECIMAL CLASSIFICATION NUMBER
Universal Decimal Classification number 517.583
100 ## - MAIN ENTRY--PERSONAL NAME
Personal name Ахиезер, Н.И.
245 ## - TITLE STATEMENT
Title Элементы теории эллиптических функций.
250 ## - EDITION STATEMENT
Edition statement изд 2-е перер.
260 ## - PUBLICATION, DISTRIBUTION, ETC.
Place of publication, distribution, etc. Москва
260 ## - PUBLICATION, DISTRIBUTION, ETC.
Name of publisher, distributor, etc. Наука
260 ## - PUBLICATION, DISTRIBUTION, ETC.
Date of publication, distribution, etc. 1970
300 ## - PHYSICAL DESCRIPTION
Extent 303 с. 20 см.
653 ## - INDEX TERM--UNCONTROLLED
Uncontrolled term Элементы теории эллиптических функций.
942 ## - ADDED ENTRY ELEMENTS (KOHA)
Koha item type წიგნი
ეგზემპლარები
Withdrawn status Lost status Damaged status Not for loan Date acquired Barcode Date last seen Price effective from Koha item type
        2018-12-17 16801 2018-12-17 2018-12-17 წიგნი
        2018-12-17 16802 2018-12-17 2018-12-17 წიგნი
        2018-12-17 17243 2018-12-17 2018-12-17 წიგნი